[Event "World Rapid Women 2016"]
[Site "Doha QAT"]
[Date "2016.12.27"]
[Round "8.15"]
[White "Sviridova, Vlada"]
[Black "Krivec, Jana"]
[Result "1/2-1/2"]
[WhiteTitle "WFM"]
[BlackTitle "WGM"]
[WhiteElo "2144"]
[BlackElo "2264"]
[WhiteFideId "24109606"]
[BlackFideId "14601982"]
[EventDate "2016.12.26"]

1. d4 d5 2. Nf3 Nf6 3. c4 dxc4 4. e3 a6 5. Bxc4 e6 6. O-O c5 7. a4 Nc6 8. Qe2
cxd4 9. Rd1 Be7 10. exd4 O-O 11. Nc3 Nb4 12. Ne5 b6 13. Bg5 Bb7 14. Rac1 Rc8 15.
Bb3 Nfd5 16. Nxd5 Nxd5 17. Rxc8 Qxc8 18. Bxe7 Nxe7 19. Qg4 Bd5 20. Bxd5 Nxd5 21.
h4 Nf6 22. Qe2 Rd8 23. g3 a5 24. Rd3 Qb7 25. Qc2 Nd5 26. Qe2 Nf6 27. Rd1 Rc8 28.
Qb5 h6 29. b3 Nd5 30. Re1 Nc3 31. Qd3 Nd5 32. Qb5 Nc3 33. Qd3 Nd5 34. Nc4 Qc7
35. Re5 Rd8 36. Kh2 Nb4 37. Qe4 Nc6 38. Rb5 Rxd4 39. Qe3 Rxh4+ 40. Kg2 Rd4 41.
Rxb6 Rd5 42. Rb5 Nb4 43. Qf3 Rd3 44. Qa8+ Kh7 45. Qe4+ f5 46. Qxe6 Qc6+ 47. Qxc6
Nxc6 48. Rxf5 Rxb3 49. Nxa5 Nd4 50. Nxb3 Nxf5 51. a5 Nd6 52. a6 Nb5 53. Nd4 Na7
54. Kf3 Kg6 55. Ke4 Kf6 56. Kd5 h5 57. f4 g5 58. fxg5+ Kxg5 59. Kd6 Kg4 60. Kc7
Kxg3 61. Kb7 h4 62. Kxa7 h3 63. Nf5+ Kf2 64. Nh6 Kg3 65. Nf5+ Kf2 66. Nh6 Kg3
67. Kb8 h2 68. Nf5+ Kf2 69. a7 h1=Q 70. a8=Q Qxa8+ 1/2-1/2

[Event "World Rapid Women 2016"]
[Site "Doha QAT"]
[Date "2016.12.27"]
[Round "8.16"]
[White "Purtseladze, Maka"]
[Black "Ovezdurdiyeva, Jemal"]
[Result "1-0"]
[WhiteTitle "IM"]
[BlackTitle "WFM"]
[WhiteElo "2347"]
[BlackElo "2080"]
[WhiteFideId "13602659"]
[BlackFideId "14001888"]
[EventDate "2016.12.26"]

1. d4 Nf6 2. Nf3 g6 3. Bf4 Bg7 4. e3 d6 5. h3 O-O 6. Be2 c6 7. O-O Nbd7 8. c4 b6
9. Nc3 Bb7 10. e4 Ne8 11. Qd2 Nc7 12. Rad1 c5 13. d5 Ne5 14. Nxe5 dxe5 15. Bh6
Ne8 16. Bxg7 Nxg7 17. f4 exf4 18. Qxf4 a6 19. e5 Nf5 20. Bd3 Nd4 21. Qh6 f5 22.
exf6 Rxf6 23. Ne4 Rf5 24. Ng5 Rxg5 25. Qxg5 Qd6 26. Rde1 Re8 27. h4 Kh8 28. Rf7
Nf5 29. Bxf5 gxf5 30. Qg7# 1-0

[Event "World Rapid Women 2016"]
[Site "Doha QAT"]
[Date "2016.12.27"]
[Round "8.17"]
[White "Sloan, Julia Elizabeth"]
[Black "Abdumalik, Zhansaya"]
[Result "0-1"]
[WhiteTitle "CM"]
[BlackTitle "WGM"]
[WhiteElo "2173"]
[BlackElo "2405"]
[WhiteFideId "2018950"]
[BlackFideId "13703544"]
[EventDate "2016.12.26"]

1. d4 Nf6 2. c4 g6 3. Nc3 d5 4. cxd5 Nxd5 5. e4 Nxc3 6. bxc3 Bg7 7. Nf3 c5 8.
Rb1 O-O 9. h3 Qa5 10. Rb5 Qxc3+ 11. Bd2 Qa3 12. Rxc5 Nc6 13. Bc3 Rd8 14. e5 Nxe5
15. Nxe5 Bxe5 16. Rxe5 Qxc3+ 17. Qd2 Qa1+ 18. Ke2 Rxd4 19. Qe3 Qd1# 0-1